000
00301nam a2200109 a 4500
005
20200930030338.0
008
110324s2001 000 spa d
020
_a
9993424056
245
0
_a
Preparación y ejecución de talleres de capacitación :.
260
_a
Santo Domingo,
_c
2001.
999
_c
26163
_d
26163
040
_a
DO-SdBNP